000 00674nas a2200229 4500
001 BR8803325
003 BR-BrBNA
005 20231205091150.0
007 ta
008 230509b bl.|||p| |||| 00| 00por d
040 _aBR-BrBNA
_bpor
_cBiblioteca Nacional de Agricultura
041 _a(Pt)
072 _aK50
100 1 _aMoosmayer, H.
245 1 _aTecnicas modernas de desdobro de Pinus com aproveitamento de residuos
650 _aPINHEIRO
650 _aTORA
650 _aINDUSTRIA FLORESTAL
773 0 _tSilvicultura (Brazil)
_xISSN 0100-3615
_g(Mar-Apr 1984), v. 9(35) p. 7-12
_wBR8803325
909 _a202311
_bLúcia
_c55
_dLúcia Elande
942 _2AGRIS
_n0
_cANA
999 _c123272
_d123272